Foundations of Information Technology (Record no. 13811)

MARC details
000 -LEADER
fixed length control field 00308nam a2200133Ia 4500
008 - FIXED-LENGTH DATA ELEMENTS--GENERAL INFORMATION
fixed length control field 221030s9999 xx 000 0 und d
041 ## - LANGUAGE CODE
Language code of text/sound track or separate title
082 ## - DEWEY DECIMAL CLASSIFICATION NUMBER
Classification number 105.23
100 ## - MAIN ENTRY--AUTHOR NAME
Personal name D. S. Yadav
245 #0 - TITLE STATEMENT
Title Foundations of Information Technology
Statement of responsibility, etc by D. S. Yadav
260 ## - PUBLICATION, DISTRIBUTION, ETC. (IMPRINT)
Year of publication 0
650 ## - SUBJECT ADDED ENTRY--TOPICAL TERM
Topical Term B
942 ## - ADDED ENTRY ELEMENTS (KOHA)
Koha item type Books
Holdings
Accession Number Full call number Price effective from Koha item type Withdrawn / writtenoff status Materials specified (bound volume or other part) Damaged status Not for loan Permanent Location Current Location Shelving location Date acquired Lost/ Missing status department
B 5493 105.23 10/30/2022 Books   Print     MIET Library, Jammu MIET Library, Jammu BL-, FL-, CUP-0, SH-0, R-0 07/30/2012   BE
B 5494 105.23 10/30/2022 Books   Print     MIET Library, Jammu MIET Library, Jammu BL-, FL-, CUP-0, SH-0, R-0 07/30/2012   BE
B 5495 105.23 10/30/2022 Books   Print     MIET Library, Jammu MIET Library, Jammu BL-, FL-, CUP-0, SH-0, R-0 07/30/2012   BE
B 5496 105.23 10/30/2022 Books   Print     MIET Library, Jammu MIET Library, Jammu BL-, FL-, CUP-0, SH-0, R-0 07/30/2012   BE
B 5497 105.23 10/30/2022 Books   Print     MIET Library, Jammu MIET Library, Jammu BL-, FL-, CUP-0, SH-0, R-0 07/30/2012   BE
B 7790   10/30/2022 Books   Print     MIET Library, Jammu MIET Library, Jammu BL-, FL-, CUP-0, SH-0, R-0 02/16/2016   BE
B 9213   10/30/2022 Books   Print     MIET Library, Jammu MIET Library, Jammu BL-, FL-, CUP-0, SH-0, R-0 02/08/2017   BE
B 9214   10/30/2022 Books   Print     MIET Library, Jammu MIET Library, Jammu BL-, FL-, CUP-0, SH-0, R-0 02/08/2017   BE
B 9215   10/30/2022 Books   Print     MIET Library, Jammu MIET Library, Jammu BL-, FL-, CUP-0, SH-0, R-0 02/08/2017   BE
B 9216   10/30/2022 Books   Print     MIET Library, Jammu MIET Library, Jammu BL-, FL-, CUP-0, SH-0, R-0 02/08/2017   BE
b 9217   10/30/2022 Books   Print     MIET Library, Jammu MIET Library, Jammu BL-, FL-, CUP-0, SH-0, R-0 02/08/2017   BE